02156nam a2200337 i 4500003000900000005001700009007000300026008004100029020001800070040003000088041000800118082002900126100005800155245020100213250002200414264009800436300002800534336002700562337003400589338002800623490004400651500016000695500003600855505046900891534019801360651007201558651005401630700003601684700005401720700004401774DO-SdBNP20251114133009.0ta240701s2024 dr 000 j spa d a9789945930795 aDO-SdBNPbspacBNPHUerda aspa 4a972.9304bR696c 20242221 aRodríguez Demorizi, Emilio,d1908-1986eautor4aut.10aContribución de Santiago a la obra de la independencia /cEmilio Rodríguez Demorizi, Rafael C. Senior ; presentación, Juan Daniel Balcácer ; cuidado de edición, Jesús R. Navarro Zerpa. aSegunda edición 4aSanto Domingo, D. N. República Dominicana : bAcademia Dominicana de la Historia,c©2024. a219 páginas ;c22 cm. atextobtxt2rdacontent asin mediación bn2rdamedia avolumenbnc2rdacarrier0 aAcademia Dominicana de la Historiav167 aEnsayos ganadores del certamen organizado por la Sociedad Amantes de la Luz en 1938 con motivo del primer centenario de la sociedad secreta La Trinitaria.  aIncluye índice onomástico.  aPresentación, 11 -- Primera parte: tema VII, 13 -- Veredicto del tema VIII, Contribución de Santiago a la obra de la Independencia, 15 -- Contribución de Santiago a la obra de la Independencia, 17 -- Documentos anexos, 37 -- Segunda parte. Tema IX, 141 -- Extracto, 143 -- Duarte en Santiago, 145 -- Tercera parte: Tema VII, 161 -- Glorias patrias de Santiago, 163 -- Índice onomástico, 191 -- Publicaciones de la Academia Dominicana de la Historia, 199. aContribución de Santiago a la obra de la independencia. bCertamen de La Trinitaria, auspiciado por el Honorable Presidente Trujillo. Sociedad Amantes de la Luz. cEditorial El Diario, 1938. 4aRepública Dominicana xHistoria yGuerra de Independencia, 1844-  4aSantiago, República DominicanaxHistoria Local 1 aSenior, Rafael C.,eautor4aut.1 aBalcácer, Juan Daniel,d1949-epresentador4pr.1 aNavarro Zerpa, Jesús R.,eeditor4ed.